[Event "IND-chB (Women) 38th"]
[Site "Chennai"]
[Date "2011.07.10"]
[Round "11"]
[White "Shweta, Gole"]
[Black "Sheena, E."]
[Result "1-0"]
[WhiteElo "1922"]
[BlackElo "1882"]
[PlyCount "103"]
[EventDate "2011.07.02"]
[EventType "swiss"]
[EventRounds "11"]
[EventCountry "IND"]
[SourceTitle "CBM 143 Extra"]
[Source "ChessBase"]
[SourceDate "2011.08.29"]
[SourceVersion "1"]
[SourceVersionDate "2011.08.29"]
[SourceQuality "1"]

1. d4 Nf6 2. Nf3 g6 3. c4 Bg7 4. Nc3 d6 5. Bg5 Nbd7 6. e3 0-0 7. Be2 Re8 8. 0-0 c6 9. Qc2 Nf8 10. Rad1 Qc7 11. a3 e5 12. dxe5 dxe5 13. Nd2 Bf5 14. Qc1 Rad8 15. c5 h6 16. Bh4 g5 17. Bg3 h5 18. h4 gxh4 19. Bxh4 Ne6 20. b4 b6 21. Bxf6 Bxf6 22. Nce4 Be7 23. cxb6 axb6 24. Bxh5 Kg7 25. Be2 Rh8 26. Ng3 Bg6 27. Bc4 Ng5 28. Nb3 Qc8 29. Rxd8 Bxd8 30. Rd1 Qg4 31. Nd2 Qh4 32. Kf1 b5 33. Bb3 Bd3+ 34. Ke1 Qg4 35. Nf3 e4 36. Ne5 Rh1+ 37. Kd2 Rxd1+ 38. Qxd1 Qxd1+ 39. Bxd1 Bc7 40. Nh5+ Kh6 41. Nxd3 exd3 42. Kxd3 Ne6 43. f4 Kg6 44. Ng3 f5 45. Bh5+ Kf6 46. Be8 c5 47. Bxb5 cxb4 48. axb4 Bd6 49. Kc4 Bc7 50. Bd7 Ng7 51. Kc5 Kg6 52. b5 1-0

[Event "IND-chB (Women) 38th"]
[Site "Chennai"]
[Date "2011.07.09"]
[Round "10"]
[White "Sheena, E."]
[Black "Sapale, Saloni"]
[Result "1-0"]
[WhiteElo "1882"]
[BlackElo "1422"]
[PlyCount "105"]
[EventDate "2011.07.02"]
[EventType "swiss"]
[EventRounds "11"]
[EventCountry "IND"]
[SourceTitle "CBM 143 Extra"]
[Source "ChessBase"]
[SourceDate "2011.08.29"]
[SourceVersion "1"]
[SourceVersionDate "2011.08.29"]
[SourceQuality "1"]

1. d4 Nf6 2. Nf3 g6 3. c3 Bg7 4. Nbd2 d5 5. e3 0-0 6. Bd3 c6 7. Ne5 Nbd7 8. f4 Qc7 9. 0-0 c5 10. Ndf3 Ne4 11. Bxe4 dxe4 12. Ng5 Nxe5 13. fxe5 Qc6 14. d5 Qb6 15. e6 fxe6 16. Rxf8+ Kxf8 17. Nxh7+ Kg8 18. Ng5 Qd8 19. Qf1 Bf6 20. Nxe4 exd5 21. Nxf6+ exf6 22. e4 Be6 23. Be3 dxe4 24. Bxc5 Bf5 25. Rd1 Qc7 26. Qc4+ Kh7 27. Qd4 b6 28. Bd6 Qf7 29. h3 Re8 30. Rf1 e3 31. Re1 Qe6 32. Qh4+ Kg7 33. Bf4 Rh8 34. Qg3 e2 35. Be3 Qxa2 36. Rxe2 Qc4 37. Rf2 Kf7 38. Bd4 Re8 39. Qh4 Qc6 40. Qh7+ Kf8 41. Qxa7 Re1+ 42. Rf1 Re2 43. Qb8+ Kg7 44. Qg3 Qb5 45. b4 Qd5 46. Rf3 b5 47. Qc7+ Qf7 48. Qxf7+ Kxf7 49. g4 Be4 50. Rxf6+ Ke7 51. Rb6 Bd3 52. Bc5+ Kd7 53. Rd6+ 1-0

[Event "IND-chB (Women) 38th"]
[Site "Chennai"]
[Date "2011.07.07"]
[Round "8"]
[White "Sheena, E."]
[Black "Michelle, Catherina P"]
[Result "0-1"]
[WhiteElo "1882"]
[BlackElo "2052"]
[PlyCount "78"]
[EventDate "2011.07.02"]
[EventType "swiss"]
[EventRounds "11"]
[EventCountry "IND"]
[SourceTitle "CBM 143 Extra"]
[Source "ChessBase"]
[SourceDate "2011.08.29"]
[SourceVersion "1"]
[SourceVersionDate "2011.08.29"]
[SourceQuality "1"]

1. Nf3 Nf6 2. d4 e6 3. c3 b6 4. Bg5 Bb7 5. Nbd2 d5 6. e3 Be7 7. Ne5 0-0 8. Bd3 c5 9. f4 Nbd7 10. 0-0 Ne4 11. Bxe7 Qxe7 12. Rf3 Rfd8 13. Rh3 Nf8 14. Ndf3 f6 15. Ng4 a5 16. Qe1 Ba6 17. Bc2 Ra7 18. Qh4 Bb5 19. Rd1 Bc6 20. Nd2 Rc7 21. Nxe4 dxe4 22. Rg3 Kh8 23. Rh3 cxd4 24. exd4 Bd5 25. Ne3 f5 26. Qxe7 Rxe7 27. c4 Bb7 28. d5 g6 29. Kf2 Kg7 30. Rg3 Kf6 31. Rh3 h5 32. Bb3 Rc7 33. Rg3 Rd6 34. a4 exd5 35. cxd5 Ba6 36. Ke1 Nd7 37. Nc2 Nc5 38. Nd4 Nd3+ 39. Kd2 Nxf4 0-1

[Event "IND-chB (Women) 38th"]
[Site "Chennai"]
[Date "2011.07.05"]
[Round "6"]
[White "Sheena, E."]
[Black "Priya, VSS"]
[Result "1-0"]
[WhiteElo "1882"]
[BlackElo "1707"]
[PlyCount "107"]
[EventDate "2011.07.02"]
[EventType "swiss"]
[EventRounds "11"]
[EventCountry "IND"]
[SourceTitle "CBM 143 Extra"]
[Source "ChessBase"]
[SourceDate "2011.08.29"]
[SourceVersion "1"]
[SourceVersionDate "2011.08.29"]
[SourceQuality "1"]

1. d4 g6 2. c3 Bg7 3. Nf3 d6 4. e4 Nf6 5. e5 dxe5 6. Nxe5 Nbd7 7. Nf3 b6 8. Bc4 e6 9. Bg5 Bb7 10. Nbd2 Qe7 11. 0-0 0-0 12. Qe2 Qd6 13. Rfe1 c5 14. Rad1 Qc7 15. h3 Rac8 16. Ba6 Bxa6 17. Qxa6 Rfe8 18. Nf1 h6 19. Bh4 Qc6 20. dxc5 Nxc5 21. Qxa7 Ra8 22. Qxf7+ Kxf7 23. Ne5+ Kg8 24. Nxc6 g5 25. Bg3 Rxa2 26. b4 Nce4 27. Rc1 Raa8 28. Be5 Rac8 29. Na7 Ra8 30. Nb5 Ra2 31. f3 Nf2 32. Ra1 Rxa1 33. Rxa1 Nd3 34. Bd4 Nd5 35. Bxg7 Kxg7 36. Ng3 Rc8 37. Ne4 N3f4 38. Ra7+ Kg6 39. Kf2 Nd3+ 40. Kg1 N3f4 41. Nbd6 Rf8 42. Nc4 Ne2+ 43. Kh2 h5 44. Ne5+ Kf5 45. Nd3 Nexc3 46. g4+ hxg4 47. hxg4+ Kg6 48. Ne5+ Kh6 49. Nd6 Nxb4 50. Ndf7+ Kg7 51. Nxg5+ Kh6 52. Nxe6 Rg8 53. g5+ Kh5 54. Rh7# 1-0

[Event "IND-chB (Women) 38th"]
[Site "Chennai"]
[Date "2011.07.03"]
[Round "3"]
[White "Visalatchi, R."]
[Black "Sheena, E."]
[Result "1-0"]
[WhiteElo "1941"]
[BlackElo "1882"]
[PlyCount "121"]
[EventDate "2011.07.02"]
[EventType "swiss"]
[EventRounds "11"]
[EventCountry "IND"]
[SourceTitle "CBM 143 Extra"]
[Source "ChessBase"]
[SourceDate "2011.08.29"]
[SourceVersion "1"]
[SourceVersionDate "2011.08.29"]
[SourceQuality "1"]

1. c4 e5 2. b3 Nf6 3. Bb2 d6 4. Nf3 g6 5. g3 Bg7 6. Bg2 Nc6 7. Nc3 0-0 8. 0-0 Re8 9. Rc1 Be6 10. d4 exd4 11. Nxd4 Nxd4 12. Qxd4 Ng4 13. Qd2 c6 14. Rcd1 Qa5 15. h3 Nh6 16. Qc1 Qh5 17. h4 Ng4 18. Ne4 d5 19. cxd5 Bxd5 20. Bxg7 Kxg7 21. Nd6 Rxe2 22. Bxd5 cxd5 23. Qc7 Rf8 24. Qc3+ Qe5 25. Qxe5+ Nxe5 26. Rxd5 Kf6 27. a4 b6 28. Nb5 Rb2 29. Rd6+ Kg7 30. Nxa7 Rxb3 31. Nb5 Ra8 32. Rd5 Nf3+ 33. Kg2 Rxa4 34. Nc7 Rd4 35. Rd1 Rxd1 36. Rxd1 Ne5 37. Rd5 Kf6 38. Rd6+ Kf5 39. Ne8 Ng4 40. Rd4 h5 41. Rf4+ Ke6 42. Nc7+ Ke7 43. Kf1 Rb1+ 44. Ke2 Rb2+ 45. Kf1 f5 46. Nd5+ Kd6 47. Nc3 b5 48. Nd1 Rc2 49. Rd4+ Ke6 50. Rd8 Ne5 51. Rb8 Rc5 52. Ne3 Nc6 53. Rb6 Kd6 54. Rb7 b4 55. Ke1 Ke5 56. Kd2 f4 57. Nc2 fxg3 58. fxg3 Rc4 59. Rg7 Kf6 60. Rb7 Kf5 61. Ne3+ 1-0

[Event "IND-chB (Women) 35th"]
[Site "Calicut"]
[Date "2008.06.09"]
[Round "5"]
[White "Meera, Sai Ravi"]
[Black "Sheena, E."]
[Result "1-0"]
[WhiteElo "2227"]
[BlackElo "1937"]
[PlyCount "81"]
[EventDate "2008.06.06"]
[EventType "swiss"]
[EventRounds "11"]
[EventCountry "IND"]
[SourceTitle "CBM 124 Extra"]
[Source "ChessBase"]
[SourceDate "2008.07.03"]
[SourceVersion "1"]
[SourceVersionDate "2008.07.03"]
[SourceQuality "1"]

1. e4 c5 2. Nc3 e6 3. Nf3 Nc6 4. d4 cxd4 5. Nxd4 Nf6 6. Be3 a6 7. Qd2 Be7 8. Be2 0-0 9. 0-0 d5 10. exd5 Nxd4 11. Qxd4 Nxd5 12. Nxd5 Qxd5 13. Qxd5 exd5 14. Bf3 Be6 15. Rfd1 Rfd8 16. Rd2 Rac8 17. Rad1 b5 18. a3 h6 19. c3 a5 20. Bb6 Rd7 21. Bxa5 Bg5 22. Rd3 Re8 23. g3 Bf5 24. Rxd5 Rxd5 25. Rxd5 Re1+ 26. Kg2 Be6 27. Rxb5 Bc4 28. Rb8+ Kh7 29. h4 Bf6 30. Rb4 Bf1+ 31. Kh2 Bd3 32. Bb6 Rb1 33. a4 g6 34. a5 Kg7 35. Bd4 Ra1 36. Bxf6+ Kxf6 37. Rb6+ Kg7 38. b4 Ra3 39. Rc6 Ra4 40. Rd6 Bc4 41. Bb7 1-0

[Event "IND-chB (Women) 35th"]
[Site "Calicut"]
[Date "2008.06.07"]
[Round "2"]
[White "Sheena, E."]
[Black "Bhakti, Kulkarni"]
[Result "0-1"]
[WhiteElo "1937"]
[BlackElo "2166"]
[PlyCount "106"]
[EventDate "2008.06.06"]
[EventType "swiss"]
[EventRounds "11"]
[EventCountry "IND"]
[SourceTitle "CBM 124 Extra"]
[Source "ChessBase"]
[SourceDate "2008.07.03"]
[SourceVersion "1"]
[SourceVersionDate "2008.07.03"]
[SourceQuality "1"]

1. d4 e6 2. Nf3 f5 3. d5 Bb4+ 4. c3 Bd6 5. c4 Qf6 6. Nc3 a6 7. Be3 f4 8. Bd4 e5 9. Ne4 Bb4+ 10. Bc3 Bxc3+ 11. Nxc3 d6 12. e3 fxe3 13. fxe3 Qh6 14. Qd2 Nf6 15. Bd3 Bg4 16. 0-0-0 Bh5 17. h3 Bg6 18. Bxg6+ Qxg6 19. g4 Ne4 20. Qc2 Nxc3 21. Qxc3 0-0 22. Nh4 Qe4 23. Nf5 Nd7 24. Qc2 Qxc2+ 25. Kxc2 g6 26. Nh6+ Kg7 27. g5 Rf2+ 28. Rd2 Rxd2+ 29. Kxd2 Nc5 30. Ke2 Ne4 31. Rg1 Nxg5 32. Rxg5 Kxh6 33. Rg4 Rf8 34. b4 Rf5 35. c5 Rh5 36. h4 Rf5 37. cxd6 cxd6 38. Rc4 Rf7 39. a4 b5 40. axb5 axb5 41. Rc6 Kh5 42. Rxd6 Kxh4 43. Re6 g5 44. d6 Rd7 45. Kf3 g4+ 46. Kg2 h5 47. e4 g3 48. Rxe5 Rxd6 49. Rxb5 Rd2+ 50. Kg1 Kg4 51. Rd5 Rb2 52. b5 Rb1+ 53. Kg2 h4 0-1

[Event "IND-ch (Women)"]
[Site "Khomikodze"]
[Date "1998.??.??"]
[Round "?"]
[White "Ramaswamy, Aarthie"]
[Black "Sheena, E."]
[Result "1-0"]
[WhiteElo "2035"]
[BlackElo "2070"]
[PlyCount "67"]
[EventDate "1998.??.??"]
[EventType "swiss"]
[EventRounds "7"]
[EventCountry "IND"]
[SourceTitle "EXT 2003"]
[Source "ChessBase"]
[SourceDate "2002.11.25"]
[SourceVersion "1"]
[SourceVersionDate "2002.11.25"]
[SourceQuality "1"]

1. e4 c5 2. Nf3 d6 3. d4 cxd4 4. Nxd4 Nf6 5. Nc3 g6 6. Be3 Bg7 7. f3 0-0 8. Qd2 Nc6 9. 0-0-0 Bd7 10. g4 Qa5 11. Kb1 Rfc8 12. h4 Ne5 13. h5 Nc4 14. Bxc4 Rxc4 15. hxg6 fxg6 16. Nb3 Qe5 17. g5 Nh5 18. Bd4 Qf4 19. Bxg7 Qxd2 20. Nxd2 Rb4 21. Nd5 Ra4 22. b3 Kxg7 23. bxa4 Bxa4 24. Nxe7 Re8 25. Nd5 Rc8 26. Nb3 Rf8 27. Nd4 Rc8 28. Rd2 Rc4 29. Ne6+ Kg8 30. Nd4 Kg7 31. Rxh5 gxh5 32. Nf5+ Kg6 33. Nxd6 Rc6 34. Ne7+ 1-0